| 000 | 00000nam##2200000za#4500 |
| 001 | 9.688506 |
| 003 | CaOODSP |
| 005 | 20210624231445 |
| 007 | cr ||||||||||| |
| 008 | 150407|2000||||xxc|||||o f|0| 0 eng|d |
| 040 | |aCaOODSP|beng |
| 043 | |an-cn--- |
| 086 | 1 |aSW21-47/2000E-PDF |
| 110 | 1 |aCanada. |bStatus of Women Canada. |
| 245 | 10|aSubstance use and pregnancy : |h[electronic resource]|bconceiving women in the policy making process / |c[by] Deborah Rutman ... [et al.]. |
| 260 | |aOttawa - Ontario : |bStatus of Women Canada |c2000. |
| 300 | |a185p. |
| 500 | |a"This report examines how policy in Canada deals with the issue of substance use during pregnancy and suggests alternative ways of addressing this problem that may prove less polarizing and punitive toward women... This report examines a wide range of perspectives and suggests ways in which many of these perspectives can be accommodated within particular policy directions."--Preface. |
| 500 | |aThe catalogue number and ISBN for the 2000 print edition have been printed in this electronic edition. |
| 504 | |aBibliography. |
| 520 | 3 |aThis report examines how policy in Canada deals with the issue of substance use during pregnancy and suggests alternative ways of addressing this problem that may prove less polarizing and punitive toward women... This report examines a wide range of perspectives and suggests ways in which many of these perspectives can be accommodated within particular policy directions.--Preface |
| 590 | |a06-10-Supp|b2006-12-15 |
| 690 | 07|aPregnancy|2gcpds |
| 690 | 07|aDrug addiction|2gcpds |
| 690 | 07|aPolicy development|2gcpds |
| 720 | 1 |aRutman, Deborah |
| 775 | 08|tIntoxicants et grossesse : |w(CaOODSP)9.632932 |
| 776 | 0#|tSubstance use and pregnancy : |w(CaOODSP)9.647654 |
| 856 | 40|ahttp://publications.gc.ca|qPDF|s1014 KB|uhttps://publications.gc.ca/collections/Collection/SW21-47-2000E.pdf |